000 00726 a2200229 4500
003 UA-OsUOA
005 20200828121033.0
008 200625b un ||||| |||| 00| 0 rus d
020 _a5815903884
040 _aUA-OsUOA
_bukr
_cUA-OsUOA
_dUA-OsUOA
041 _arus
080 _a821.161.1
090 _a821.161.1
_bА44
100 _aАкунин Б.
245 _aАлмазная колесница
_cБорис Акунин
260 _bЗахаров
_c2006
_aМосква
300 _a720 с.
650 _2UDC
_a821 Художня література
942 _cBK
_2udc
955 _a3
999 _c459656
_d459656